000 00192nam a22000857a 4500
999 _c23726
_d23726
005 20250212112843.0
008 250212b ||||| |||| 00| 0 eng d
040 _csk
245 _aPoce sebe pohutoric